Business mathematics (Record no. 254060)
[ view plain ]
| 000 -LEADER | |
|---|---|
| fixed length control field | 00389nam a22001577a 4500 |
| 003 - CONTROL NUMBER IDENTIFIER | |
| control field | OSt |
| 005 - DATE AND TIME OF LATEST TRANSACTION | |
| control field | 20180618154154.0 |
| 008 - FIXED-LENGTH DATA ELEMENTS--GENERAL INFORMATION | |
| fixed length control field | 160526b xxu||||| |||| 00| 0 eng d |
| 020 ## - INTERNATIONAL STANDARD BOOK NUMBER | |
| International Standard Book Number | 9780070965287 |
| 040 ## - CATALOGING SOURCE | |
| Transcribing agency | N/A |
| 100 ## - MAIN ENTRY--PERSONAL NAME | |
| Personal name | Jerome .F. Ernest |
| 245 ## - TITLE STATEMENT | |
| Title | Business mathematics |
| Remainder of title | in Canada |
| 250 ## - EDITION STATEMENT | |
| Edition statement | 6th ed |
| 260 ## - PUBLICATION, DISTRIBUTION, ETC. (IMPRINT) | |
| Place of publication, distribution, etc | New York |
| Name of publisher, distributor, etc | Mc Graw -Hill Ryerson |
| Date of publication, distribution, etc | 2008 |
| 942 ## - ADDED ENTRY ELEMENTS (KOHA) | |
| Source of classification or shelving scheme | Library of Congress Classification |
| Koha item type | Long Loan Books |
| Withdrawn status | Lost status | Source of classification or shelving scheme | Damaged status | Not for loan | Home library | Current library | Date acquired | Total Checkouts | Full call number | Barcode | Date last seen | Date checked out | Price effective from | Koha item type | Collection code | Shelving location |
|---|---|---|---|---|---|---|---|---|---|---|---|---|---|---|---|---|
| Library of Congress Classification | Rongo University Library | Rongo University Library | 26/05/2016 | 5 | HF 5691 J47 2008 | 201612754 | 21/02/2023 | 13/02/2023 | 26/05/2016 | Long Loan Books | ||||||
| Library of Congress Classification | Rongo University Library | Rongo University Library | 18/06/2018 | 2 | HF 5691 J47 2008 | 201800920 | 04/09/2019 | 30/08/2019 | 18/06/2018 | Long Loan Books | Non-fiction | General Stacks | ||||
| Library of Congress Classification | Rongo University Library | Rongo University Library | 29/06/2018 | 1 | HF5691.J47 2008 | 201616086 | 03/02/2025 | 31/01/2025 | 29/06/2018 | Long Loan Books | Non-fiction | General Stacks |
